00863nam a22002535i 450000100060000000300090000600500170001500700030003200800410003502000180007604000220009408000190011610000380013524500800017325000120025326000430026530000210030849000360032970000280036583000440039385200330043799900170047095201220048711291ES-MaACL20251014063045.0t|951207s1995 sp ||||0| spa j a84-01-38534-2 aM-BN bspa cM-BN a820(71)-31"19"0 aOndaatje, Michael, d1943-98705813aEl paciente inglés / cMichael Ondaatje ; traducción de Carlos Manzano. a1ª ed. aBarcelona : bPlaza & Janés, c1995. a291 p ; c23 cm.1 aAve Fénix. Serie mayor ; v331 aManzano, Carlos.9762160 aEl Ave Fénix. Serie mayorv339228243 aES-MaACLjL-18580 bR.124836 c11291d11291 00104070aATENEOMbATENEOMcDEPO2d2008-01-17eSCl0oL-18580p1011514r2023-02-23 00:00:00w2023-02-23yMONOGRAFIA